<?xml version="1.0" encoding="UTF-8"?>
<marc:record xmlns:marc="http://www.loc.gov/MARC21/slim">
   <marc:leader>00000nam a2200000 a 4500</marc:leader>
   <marc:datafield ind1="1" ind2=" " tag="100">
      <marc:subfield code="a">Marzi, Christoph</marc:subfield>
      <marc:subfield code="4">aut</marc:subfield>
      <marc:subfield code="e">Verfasser/-in</marc:subfield>
   </marc:datafield>
   <marc:datafield ind1="0" ind2="0" tag="245">
      <marc:subfield code="a">Helena und die Ratten in den Schatten</marc:subfield>
   </marc:datafield>
   <marc:datafield ind1=" " ind2="1" tag="264">
      <marc:subfield code="b">Arena</marc:subfield>
      <marc:subfield code="c">2010</marc:subfield>
   </marc:datafield>
   <marc:datafield ind1="1" ind2=" " tag="520">
      <marc:subfield code="a">In der neuen Schule wird Helena vor den Ratten in den Schatten gewarnt. Ihre Mitschüler und sogar die Lehrerin erzählen die schaurigsten Geschichten. Aber als in einer dunklen Nacht ihr Stoffäffchen Chico aus dem Fenster fällt, nimmt sie allen Mut zusammen, um es zu holen ... 

Zum Vorlesen geeignet ab 5 Jahren und zum Selberlesen ab 8 Jahren.</marc:subfield>
   </marc:datafield>
</marc:record>
